<?xml version="1.0" encoding="UTF-8"?>
<record
    xmlns:xsi="http://www.w3.org/2001/XMLSchema-instance"
    xsi:schemaLocation="http://www.loc.gov/MARC21/slim http://www.loc.gov/standards/marcxml/schema/MARC21slim.xsd"
    xmlns="http://www.loc.gov/MARC21/slim">

  <leader>01548nam0a2200373   4500</leader>
  <controlfield tag="001">RU\NLR\BIBL_A\011188587</controlfield>
  <controlfield tag="005">20260409072329.0</controlfield>
  <datafield tag="010" ind1=" " ind2=" ">
    <subfield code="a">978-5-496-02127-2</subfield>
    <subfield code="9">4000</subfield>
  </datafield>
  <datafield tag="021" ind1=" " ind2=" ">
    <subfield code="a">RU</subfield>
    <subfield code="b">2016-56701</subfield>
    <subfield code="9">3600</subfield>
  </datafield>
  <datafield tag="035" ind1=" " ind2=" ">
    <subfield code="a">(NLR Aleph) 011188587</subfield>
  </datafield>
  <datafield tag="035" ind1=" " ind2=" ">
    <subfield code="a">(NILC)RuMoRGB-008552026</subfield>
  </datafield>
  <datafield tag="090" ind1=" " ind2=" ">
    <subfield code="a">11855828</subfield>
    <subfield code="c">11855828</subfield>
  </datafield>
  <datafield tag="100" ind1=" " ind2=" ">
    <subfield code="a">20160804d2016    |||y0rusy50      ca</subfield>
  </datafield>
  <datafield tag="101" ind1="1" ind2=" ">
    <subfield code="a">rus</subfield>
    <subfield code="c">ger</subfield>
  </datafield>
  <datafield tag="102" ind1=" " ind2=" ">
    <subfield code="a">RU</subfield>
  </datafield>
  <datafield tag="105" ind1=" " ind2=" ">
    <subfield code="a">a   z   000yy</subfield>
  </datafield>
  <datafield tag="200" ind1="1" ind2=" ">
    <subfield code="a">&#x41D;&#x430; &#x43C;&#x43E;&#x440;&#x435;</subfield>
    <subfield code="e">&#x43D;&#x430;&#x445;&#x43E;&#x434;&#x438;&#x43B;&#x43A;&#x438;-&#x440;&#x430;&#x437;&#x432;&#x438;&#x432;&#x430;&#x43B;&#x43A;&#x438;</subfield>
    <subfield code="e">[&#x434;&#x43B;&#x44F; &#x434;&#x435;&#x442;&#x435;&#x439; &#x43C;&#x43B;&#x430;&#x434;&#x448;&#x435; 6 &#x43B;&#x435;&#x442;]</subfield>
    <subfield code="f">&#x411;&#x44C;&#x44F;&#x43D;&#x43A;&#x430; &#x41C;&#x438;&#x43D;&#x442;&#x435;-&#x41A;&#x451;&#x43D;&#x438;&#x433;, &#x425;&#x430;&#x43D;&#x441;-&#x413;&#x44E;&#x43D;&#x442;&#x435;&#x440; &#x414;&#x451;&#x440;&#x438;&#x43D;&#x433;</subfield>
    <subfield code="g">[&#x43F;&#x435;&#x440;.: &#x412;. &#x421;&#x43E;&#x43B;&#x43E;&#x432;&#x44C;&#x435;&#x432;&#x430;]</subfield>
  </datafield>
  <datafield tag="210" ind1=" " ind2=" ">
    <subfield code="a">&#x421;&#x430;&#x43D;&#x43A;&#x442;-&#x41F;&#x435;&#x442;&#x435;&#x440;&#x431;&#x443;&#x440;&#x433; [&#x438; &#x434;&#x440;.]</subfield>
    <subfield code="c">&#x41F;&#x438;&#x442;&#x435;&#x440;</subfield>
    <subfield code="d">2016</subfield>
  </datafield>
  <datafield tag="215" ind1=" " ind2=" ">
    <subfield code="a">[24] &#x441;.</subfield>
    <subfield code="c">&#x446;&#x432;. &#x438;&#x43B;.</subfield>
    <subfield code="d">30</subfield>
  </datafield>
  <datafield tag="225" ind1="1" ind2=" ">
    <subfield code="a">&#x421;&#x43E;&#x43E;&#x442;&#x432;&#x435;&#x442;&#x441;&#x442;&#x432;&#x443;&#x435;&#x442; &#x424;&#x413;&#x41E;&#x421;</subfield>
  </datafield>
  <datafield tag="225" ind1="1" ind2=" ">
    <subfield code="a">&#x421;&#x435;&#x440;&#x438;&#x44F; "&#x412;&#x44B; &#x438; &#x432;&#x430;&#x448; &#x440;&#x435;&#x431;&#x435;&#x43D;&#x43E;&#x43A;"</subfield>
  </datafield>
  <datafield tag="333" ind1=" " ind2=" ">
    <subfield code="a">4+</subfield>
  </datafield>
  <datafield tag="606" ind1="1" ind2=" ">
    <subfield code="a">&#x414;&#x43E;&#x448;&#x43A;&#x43E;&#x43B;&#x44C;&#x43D;&#x438;&#x43A;&#x438;</subfield>
    <subfield code="x">&#x41E;&#x437;&#x43D;&#x430;&#x43A;&#x43E;&#x43C;&#x43B;&#x435;&#x43D;&#x438;&#x435; &#x441; &#x436;&#x438;&#x437;&#x43D;&#x44C;&#x44E; &#x43C;&#x43E;&#x440;&#x441;&#x43A;&#x438;&#x445; &#x436;&#x438;&#x432;&#x43E;&#x442;&#x43D;&#x44B;&#x445;</subfield>
    <subfield code="9">2619339</subfield>
    <subfield code="3">RU\NLR\AUTH\661555899</subfield>
  </datafield>
  <datafield tag="606" ind1=" " ind2=" ">
    <subfield code="a">&#x414;&#x43E;&#x448;&#x43A;&#x43E;&#x43B;&#x44C;&#x43D;&#x438;&#x43A;&#x438;</subfield>
    <subfield code="x">&#x41E;&#x437;&#x43D;&#x430;&#x43A;&#x43E;&#x43C;&#x43B;&#x435;&#x43D;&#x438;&#x435; &#x441; &#x43E;&#x43A;&#x440;&#x443;&#x436;&#x430;&#x44E;&#x449;&#x435;&#x439; &#x436;&#x438;&#x437;&#x43D;&#x44C;&#x44E;</subfield>
    <subfield code="3">RU\NLR\AUTH\66999152</subfield>
    <subfield code="9">1593269</subfield>
  </datafield>
  <datafield tag="675" ind1=" " ind2=" ">
    <subfield code="a">087.5</subfield>
  </datafield>
  <datafield tag="686" ind1="1" ind2=" ">
    <subfield code="a">&#x427;411.387</subfield>
  </datafield>
  <datafield tag="700" ind1=" " ind2="1">
    <subfield code="8">rus</subfield>
    <subfield code="7">ca</subfield>
    <subfield code="a">&#x41C;&#x438;&#x43D;&#x442;&#x435;-&#x41A;&#x435;&#x43D;&#x438;&#x433;</subfield>
    <subfield code="b">&#x411;.</subfield>
    <subfield code="f">1947-</subfield>
    <subfield code="g">&#x411;&#x44C;&#x44F;&#x43D;&#x43A;&#x430;</subfield>
    <subfield code="3">RU\NLR\AUTH\7723613</subfield>
    <subfield code="9">6666</subfield>
  </datafield>
  <datafield tag="701" ind1=" " ind2="1">
    <subfield code="a">&#x414;&#x451;&#x440;&#x438;&#x43D;&#x433;</subfield>
    <subfield code="b">&#x425;.-&#x413;.</subfield>
    <subfield code="f">1962-</subfield>
    <subfield code="g">&#x425;&#x430;&#x43D;&#x441;-&#x413;&#x44E;&#x43D;&#x442;&#x435;&#x440;</subfield>
  </datafield>
  <datafield tag="801" ind1=" " ind2="0">
    <subfield code="a">RU</subfield>
    <subfield code="b">&#x420;&#x413;&#x411;</subfield>
    <subfield code="c">20160718</subfield>
    <subfield code="g">RCR</subfield>
  </datafield>
  <datafield tag="942" ind1=" " ind2=" ">
    <subfield code="c">BOOK</subfield>
  </datafield>
  <datafield tag="980" ind1=" " ind2=" ">
    <subfield code="a">NBR</subfield>
  </datafield>
  <datafield tag="980" ind1=" " ind2=" ">
    <subfield code="a">NB</subfield>
  </datafield>
</record>
